Pasapalabra #3 - Edición Justicia - Estadísticas

Estadísticas generales
  • Esta prueba ha sido intentada 27 veces
  • La puntuación promedio es 9 de 21
Estadísticas de respuestas
Letra Respuesta Definición % Correcto
A Acta Relación escrita de lo sucedido, tratado o acordado por varias personas. En todo juicio o comparecencia en un Juzgado se hace un acta
71%
T Testamento El acto por el cual una persona dispone para después de su muerte de todos sus bienes o de parte de ellos.
71%
H Heredero Persona que sucede a un tercero fallecido en sus bienes, derechos y obligaciones.
67%
J Juzgado Órgano estatal unipersonal, encargado en primera o única instancia, de administrar justicia.
67%
L Legal Aquello que es conforme a Derecho, a la Ley.
67%
U Usufructo Derecho temporal a disfrutar de un bien ajeno y a hacer propios los frutos que produzca, sin alterar dicho bien, que deberá ser devuelto a su dueño dentro de un término estipulado.
63%
F Falta Dícese de las acciones u omisiones de carácter voluntario penadas por la ley con penas leves.
58%
S Sentencia Resolución judicial que pone fin a la causa absolviendo o condenando y en la que se da respuesta a todo lo solicitado por las partes.
58%
R Reincidencia Agravante de la responsabilidad criminal aplicado al reo que vuelve a cometer un delito análogo a aquel por el que ha sido condenado.
50%
D Denuncia Acto mediante el cual una persona pone en conocimiento del juez, fiscal o autoridad competente, la comisión de un delito o falta.
46%
N Negligencia Dícese del acto que se realiza con falta de cuidado o interés.
46%
M Malversación Utilización ilegal del dinero o bienes ajenos por parte de una persona que lo tenía en su poder como depositario, para fines distintos a los que iban destinados.
42%
P Perito Persona licenciada o ilustrada en una determinada materia o especialidad y que con su saber y/o experiencia, ilustra a los Juzgados o Tribunales, para una mayor eficacia de la resolución que pudiera recaer.
42%
G Ganancial Bienes que se ganan o incrementan durante el matrimonio sujeto al régimen de gananciales.
38%
C Careo Confrontación entre testigos o acusados en un procedimiento que se contradicen en sus testimonios, al objeto de averiguar la verdad sobre los hechos.
33%
V Veto Potestad atribuida según las Constituciones, al jefe del Estado o a la segunda Cámara, para objetar una ley.
33%
I Incriminar Acusar a alguien de haber cometido o participado en la comisión de un delito o falta.
17%
Q Quebrantamiento Romper, violar o incumplir una norma.
13%
B Bastantear Declaración de que el poder es suficiente para actuar como apoderado de otra persona, en un asunto determinado.
8%
E Eximentes Circunstancias por las que no se castiga a una persona por el delito o falta que cometió.
8%
O Oficio Comunicación escrita emitida por un Juez o Tribunal, requiriendo datos o informes a autoridades de otro orden no jurisdiccional.
4%
No se encontraron pruebas coincidentes
Distribución de puntuación
Porcentaje de gente con cada puntuación
Porcentaje por número respondido
Historial de tus puntuaciones
No has intentado esta prueba.